No God, no science? : theology, cosmology, biology /

Offers a provocative analysis of the theoretical and historical relationship between theology, metaphysics, and science.

Bibliographic Details
Main Author: Hanby, Michael, 1966-
Format: eBook
Language:English
Published: Chichester, West Sussex, UK : Wiley Blackwell, 2013.
Series:Illuminations--theory and religion.
Subjects:
Online Access:Full Text via HEAL-Link
LEADER 02864nam a2200661 4500
001 ocn825198136
003 OCoLC
005 20170124071751.3
006 m o d
007 cr |||||||||||
008 130124s2013 enk ob 001 0 eng
010 |a  2013003167 
040 |a DLC  |b eng  |e rda  |c DLC  |d YDX  |d DG1  |d NOC  |d YDXCP  |d GGVRL  |d E7B  |d OCLCO  |d N$T  |d COO  |d GrThAP 
019 |a 961632065  |a 962630241  |a 964544752 
020 |a 9781118323205  |q electronic bk. 
020 |a 1118323203  |q electronic bk. 
020 |a 9781118323212  |q electronic bk. 
020 |a 1118323211  |q electronic bk. 
020 |z 9781118322000 
020 |z 1118322002 
020 |z 9781118323229 
020 |z 111832322X 
020 |z 9781405158015 (cloth) 
020 |a 1405158018 (cloth) 
020 |a 9781405158015 (cloth) 
029 1 |a NZ1  |b 15912118 
029 1 |a DEBBG  |b BV043395319 
035 |a (OCoLC)825198136  |z (OCoLC)961632065  |z (OCoLC)962630241  |z (OCoLC)964544752 
042 |a pcc 
050 0 0 |a BT40 
072 7 |a REL  |x 067020  |2 bisacsh 
082 0 0 |a 233.7/652  |2 23 
049 |a MAIN 
100 1 |a Hanby, Michael,  |d 1966- 
245 1 0 |a No God, no science? :  |b theology, cosmology, biology /  |c Michael Hanby. 
264 1 |a Chichester, West Sussex, UK :  |b Wiley Blackwell,  |c 2013. 
300 |a 1 online resource. 
336 |a text  |2 rdacontent 
337 |a computer  |2 rdamedia 
338 |a online resource  |2 rdacarrier 
490 1 |a Illuminations: theory and religion 
504 |a Includes bibliographical references and index. 
588 |a Description based on print version record and CIP data provided by publisher. 
505 0 |a Introduction -- In the beginning. In the beginning ; Discourse on method ; A brief history of the cosmos -- The eclipse of the universe. The eclipse of the universe ; The scientific and theological revolution ; Unnatural "theology" ; Darwin the theologian ; The mystery of the missing organism -- Creation without creationism. Creation without creationism ; Deus creator omnium ; What the world is ; Saving the appearances -- Epilogue -- Index. 
520 |a Offers a provocative analysis of the theoretical and historical relationship between theology, metaphysics, and science. 
650 0 |a Philosophical theology. 
650 0 |a Creation  |x Religious aspects  |x Christianity. 
650 0 |a Evolution (Biology) 
650 0 |a Religion and science. 
650 0 |a Science. 
650 0 |a Philosophy. 
650 7 |a RELIGION / Christian Theology / Anthropology  |2 bisacsh 
655 4 |a Electronic books. 
655 0 |a Electronic books. 
776 0 8 |i Print version:  |a Hanby, Michael, 1966-  |t No God, no science?  |d Hoboken : Wiley, 2013  |z 9781405158015  |w (DLC) 2012043189 
830 0 |a Illuminations--theory and religion. 
856 4 0 |u https://doi.org/10.1002/9781118323205  |z Full Text via HEAL-Link 
994 |a 92  |b DG1